The empty tomb: (Record no. 7599)

000 -LEADER
fixed length control field 00546nam a2200181 a 4500
001 - CONTROL NUMBER
control field :::00005360$&:&@@
003 - CONTROL NUMBER IDENTIFIER
control field OkBaRHE
005 - DATE AND TIME OF LATEST TRANSACTION
control field 20000607103325.0
008 - FIXED-LENGTH DATA ELEMENTS--GENERAL INFORMATION
fixed length control field j 000 0 eng u
040 ## - CATALOGING SOURCE
Transcribing agency
100 1# - MAIN ENTRY--PERSONAL NAME
Personal name McGee, J. Vernon (John Vernon), 1904-
245 14 - TITLE STATEMENT
Title The empty tomb:
Remainder of title proof of life after death.
260 ## - PUBLICATION, DISTRIBUTION, ETC. (IMPRINT)
Place of publication, distribution, etc No Imprint.
300 ## - PHYSICAL DESCRIPTION
Extent 86 p. ;
Dimensions 17 cm.
650 ## - SUBJECT ADDED ENTRY--TOPICAL TERM
Topical term or geographic name as entry element Jesus Christ
General subdivision Resurrection
942 ## - ADDED ENTRY ELEMENTS (KOHA)
Source of classification or shelving scheme
Koha item type Books
Copies
Withdrawn status Permanent Location Not for loan Date last seen Koha item type Shelving location Barcode Date acquired Copy number Price effective from Source of classification or shelving scheme Damaged status Lost status Full call number
 RHEMA Bible Training College 2010-04-14BooksGeneral Stacks53602010-04-1412010-04-14   BT 481 .M29